000 00417nam a22001577a 4500
020 _a978-81-7676-179-6
082 _a823
_bMEH/G
100 _aMEHTA, ANURAG
245 _aGREAT STORIES FOR CHILDREN
_bSHORT STORY
246 _aGREAT STORIES FOR CHILDREN
_bSHORT STORY
260 _aDELHI
_bNAVA PUBLICATIONS & PRINTERS PVT. LTD
_c2016
300 _a12
520 _aSHORT STORY
650 _aSHORT STORY
942 _cBK
999 _c2265
_d2265